Características y determinantes de los cambios recientes de los flujos migratorios de trabajadores mexicanos hacia Estados Unidos /
El articulo analiza la migración y la migración de retorno de trabajadores mexicanos hacia y desde Estados Unidos en el período 2006-2011, con base en la Encuesta Nacional de Ocupación y Empleo (ENOE). Los resultados del estudio muestran un decrecimiento de la migración y migración de retorno en el...
Guardado en:
| Hovedforfatter: | |
|---|---|
| Format: | Texto |
| Fag: | |
| Tags: |
Tilføj Tag
Ingen Tags, Vær først til at tagge denne postø!
|
MARC
| LEADER | 00000 a a2200000 04500 | ||
|---|---|---|---|
| 001 | 44259 | ||
| 003 | |||
| 040 | |||
| 100 | |a Mendoza-Cota, Jorge Eduardo | ||
| 245 | |a Características y determinantes de los cambios recientes de los flujos migratorios de trabajadores mexicanos hacia Estados Unidos / |c Jorge Eduardo Mendoza-Cota | ||
| 500 | |a emendoza@colef.mx | ||
| 520 | |a El articulo analiza la migración y la migración de retorno de trabajadores mexicanos hacia y desde Estados Unidos en el período 2006-2011, con base en la Encuesta Nacional de Ocupación y Empleo (ENOE). Los resultados del estudio muestran un decrecimiento de la migración y migración de retorno en el 2009. El estudio se basa en un modelo probabilistico de los determinantes económicos de dichos flujos. | ||
| 590 | |a RRH/MAYO20123 | ||
| 650 | |a MIGRACION | ||
| 650 | |a EMPLEO | ||
| 650 | |a SALARIOS | ||
| 650 | |a POLITICA MIGRATORIA | ||
| 650 | |a USA | ||
| 650 | |a 6.MEXICO | ||
| 773 | |g volumen18, número71 (2012), páginas 51-86 : tablas, gráficos | ||
| 999 | |c 24663 |d 24663 | ||
